[Event "Leipzig VfB op 19th"]
[Site "Leipzig"]
[Date "2012.03.08"]
[Round "5"]
[White "Koch, Markus"]
[Black "Steiner, Albrecht"]
[Result "1-0"]
[WhiteElo "2079"]
[BlackElo "1968"]
[PlyCount "61"]
[EventDate "2012.03.06"]
[EventType "swiss"]
[EventRounds "9"]
[EventCountry "GER"]
[SourceTitle "CBM 147 Extra"]
[Source "ChessBase"]
[SourceDate "2012.04.24"]
[SourceVersion "1"]
[SourceVersionDate "2012.04.24"]
[SourceQuality "1"]

1. d4 Nf6 2. c4 e6 3. Nc3 Bb4 4. Qc2 c5 5. dxc5 Na6 6. a3 Bxc3+ 7. Qxc3 Nxc5 8. b4 Nce4 9. Qd4 h6 10. f3 Ng5 11. e4 d6 12. Bb2 e5 13. Qe3 Qc7 14. Bd3 Ne6 15. Ne2 0-0 16. 0-0 Qe7 17. Rfd1 b6 18. Rd2 Bb7 19. Rad1 Rfd8 20. Ng3 Nf4 21. Bf1 g6 22. Ne2 Nxe2+ 23. Bxe2 Kh7 24. Bc1 Ng8 25. Bd3 Bc8 26. f4 f5 27. Bb2 fxe4 28. Bxe4 Bg4 29. Rf1 Rac8 30. Qd3 Qe8 31. fxe5 1-0

[Event "Leipzig VfB op 18th"]
[Site "Leipzig"]
[Date "2011.03.26"]
[Round "8"]
[White "Steiner, Albrecht"]
[Black "Liebscher, Helmar"]
[Result "1/2-1/2"]
[WhiteElo "1914"]
[BlackElo "2110"]
[PlyCount "53"]
[EventDate "2011.03.20"]
[EventType "swiss"]
[EventRounds "9"]
[EventCountry "GER"]
[SourceTitle "CBM 141 Extra"]
[Source "ChessBase"]
[SourceDate "2011.05.03"]
[SourceVersion "1"]
[SourceVersionDate "2011.05.03"]
[SourceQuality "1"]

1. e4 e5 2. Nf3 Nc6 3. Bc4 Nf6 4. d3 Bc5 5. 0-0 0-0 6. Be3 Bxe3 7. fxe3 d6 8. Nbd2 Be6 9. Bxe6 fxe6 10. d4 a6 11. Qe2 Qd7 12. Rad1 exd4 13. exd4 b5 14. e5 Nd5 15. exd6 cxd6 16. Ng5 Nc7 17. Qe4 g6 18. Rde1 Rxf1+ 19. Rxf1 Rf8 20. Rxf8+ Kxf8 21. Qf4+ Kg7 22. Nde4 Ne8 23. Qg4 Nd8 24. Qf4 h6 25. Nf3 Qf7 26. Qxf7+ Kxf7 27. Kf2 1/2-1/2

[Event "Leipzig VfB op 16th"]
[Site "Leipzig"]
[Date "2009.04.05"]
[Round "9"]
[White "Steiner, Albrecht"]
[Black "Baumert, Andre"]
[Result "1/2-1/2"]
[WhiteElo "1635"]
[BlackElo "1899"]
[PlyCount "47"]
[EventDate "2009.03.31"]
[EventType "swiss"]
[EventRounds "9"]
[EventCountry "GER"]
[SourceTitle "EXT 2010"]
[Source "ChessBase"]
[SourceDate "2010.11.25"]
[SourceVersion "1"]
[SourceVersionDate "2010.11.25"]
[SourceQuality "1"]

1. e4 c5 2. Nf3 e6 3. d4 cxd4 4. Nxd4 a6 5. c4 b6 6. Be2 Bb7 7. f3 Qc7 8. Be3 Nf6 9. Nc3 d6 10. Rc1 Nbd7 11. 0-0 Rc8 12. Qe1 Be7 13. Qf2 0-0 14. Rfd1 Qb8 15. g4 h6 16. g5 hxg5 17. Bxg5 d5 18. cxd5 Ng4 19. fxg4 Bxg5 20. Rb1 exd5 21. exd5 Qe5 22. Nf3 Be3 23. Nxe5 Bxf2+ 24. Kxf2 1/2-1/2

[Event "Leipzig VfB op 16th"]
[Site "Leipzig"]
[Date "2009.04.04"]
[Round "7"]
[White "Langer, Wolfgang2222"]
[Black "Steiner, Albrecht"]
[Result "1/2-1/2"]
[WhiteElo "1958"]
[BlackElo "1635"]
[PlyCount "76"]
[EventDate "2009.03.31"]
[EventType "swiss"]
[EventRounds "9"]
[EventCountry "GER"]
[SourceTitle "EXT 2010"]
[Source "ChessBase"]
[SourceDate "2010.11.25"]
[SourceVersion "1"]
[SourceVersionDate "2010.11.25"]
[SourceQuality "1"]

1. d4 Nf6 2. c4 e6 3. g3 d5 4. Bg2 c6 5. Nf3 Nbd7 6. Nbd2 Be7 7. b3 0-0 8. Bb2 h6 9. 0-0 Re8 10. Re1 Bd6 11. Ne5 Qc7 12. f4 c5 13. Rc1 Qa5 14. e4 dxe4 15. Nxe4 Nxe4 16. Bxe4 Nf6 17. Bf3 cxd4 18. Bxd4 Bb4 19. Re2 Rd8 20. a3 Bc5 21. Rd2 Qxa3 22. Kg2 Bxd4 23. Rxd4 Rxd4 24. Qxd4 Qxc1 25. Qd8+ Kh7 26. Nxf7 Qc2+ 27. Kh3 Qf5+ 28. Kg2 Qc2+ 29. Kg1 Qb1+ 30. Kg2 Ng8 31. Qd4 Qc2+ 32. Kg1 Nf6 33. Qd8 e5 34. Qh8+ Kg6 35. Nxe5+ Kf5 36. Qxg7 Qc1+ 37. Kg2 Qd2+ 38. Kg1 Qe1+ 1/2-1/2

[Event "Leipzig VfB op 16th"]
[Site "Leipzig"]
[Date "2009.04.03"]
[Round "6"]
[White "Steiner, Albrecht"]
[Black "Fischbach, Rainer"]
[Result "1-0"]
[WhiteElo "1635"]
[BlackElo "1873"]
[PlyCount "25"]
[EventDate "2009.03.31"]
[EventType "swiss"]
[EventRounds "9"]
[EventCountry "GER"]
[SourceTitle "EXT 2010"]
[Source "ChessBase"]
[SourceDate "2010.11.25"]
[SourceVersion "1"]
[SourceVersionDate "2010.11.25"]
[SourceQuality "1"]

1. e4 c5 2. Nf3 Nc6 3. d4 cxd4 4. Nxd4 Nf6 5. Nc3 e5 6. Ndb5 d6 7. f3 a6 8. Na3 b5 9. Nd5 Be6 10. c4 Nd4 11. cxb5 Bxd5 12. exd5 Nxd5 13. bxa6 1-0

[Event "Leipzig VfB op 16th"]
[Site "Leipzig"]
[Date "2009.03.31"]
[Round "1"]
[White "Steiner, Albrecht"]
[Black "Eidam, Horst"]
[Result "1-0"]
[WhiteElo "1635"]
[BlackElo "2025"]
[PlyCount "101"]
[EventDate "2009.03.31"]
[EventType "swiss"]
[EventRounds "9"]
[EventCountry "GER"]
[SourceTitle "EXT 2010"]
[Source "ChessBase"]
[SourceDate "2010.11.25"]
[SourceVersion "1"]
[SourceVersionDate "2010.11.25"]
[SourceQuality "1"]

1. e4 g6 2. d4 Bg7 3. c4 d6 4. Nc3 Nf6 5. Be2 0-0 6. Be3 a5 7. h4 h5 8. Qd2 Ng4 9. Bxg4 Bxg4 10. f3 Bd7 11. Nge2 e5 12. Bh6 c6 13. d5 c5 14. Ng3 Kh7 15. Bxg7 Kxg7 16. f4 exf4 17. Qxf4 Qf6 18. Qxf6+ Kxf6 19. 0-0+ Kg7 20. Rae1 Na6 21. e5 dxe5 22. Rxe5 Rae8 23. Rfe1 Rxe5 24. Rxe5 f5 25. Re7+ Rf7 26. Rxf7+ Kxf7 27. Kf2 Kf6 28. Nge2 Nb4 29. Kf3 Ke5 30. Nf4 Be8 31. Ne6 Na6 32. Ne2 Bf7 33. Nd8 Be8 34. Nxb7 a4 35. Nf4 Kd4 36. Ne6+ Kxc4 37. d6 Bc6+ 38. Kf4 Kd5 39. Nf8 Nb8 40. Na5 Kxd6 41. Nxg6 Be4 42. g3 Nc6 43. Nc4+ Ke6 44. Ke3 Bb1 45. Nf4+ Kf7 46. a3 Ba2 47. Nd6+ Kf6 48. Nxh5+ Ke5 49. Nb7 Kd5 50. Nf4+ Kc4 51. Nd3 1-0

[Event "Leipzig VfB op 15th"]
[Site "Leipzig"]
[Date "2008.02.29"]
[Round "5"]
[White "Nerlich, Vincent"]
[Black "Steiner, Albrecht"]
[Result "1-0"]
[WhiteElo "1933"]
[BlackElo "1623"]
[PlyCount "81"]
[EventDate "2008.02.26"]
[EventType "swiss"]
[EventRounds "9"]
[EventCountry "GER"]
[SourceTitle "CBM 123 Extra"]
[Source "ChessBase"]
[SourceDate "2008.05.06"]
[SourceVersion "1"]
[SourceVersionDate "2008.05.06"]
[SourceQuality "1"]

1. e4 c5 2. b3 e6 3. Bb2 Nc6 4. Nf3 d5 5. exd5 exd5 6. Bb5 Bg4 7. Qe2+ Qe7 8. Bxc6+ bxc6 9. Qxe7+ Nxe7 10. Ne5 Bf5 11. d3 f6 12. Nf3 Ng6 13. 0-0 Bd6 14. Re1+ Kf7 15. Nbd2 Rhe8 16. h3 Nf4 17. Kf1 g5 18. Ba3 h5 19. Nd4 Bd7 20. N2f3 Bf8 21. Ne2 Nxe2 22. Rxe2 Rxe2 23. Kxe2 Re8+ 24. Kf1 g4 25. Ng1 gxh3 26. Nxh3 Bxh3 27. gxh3 d4 28. Re1 Re5 29. Rxe5 fxe5 30. Kg2 Kf6 31. Kg3 Kg5 32. Bc1+ Kg6 33. f4 Bh6 34. f5+ Kg7 35. Bxh6+ Kxh6 36. Kf3 Kg5 37. Ke4 Kf6 38. h4 a6 39. a3 a5 40. a4 c4 41. bxc4 1-0

[Event "Leipzig VfB op 15th"]
[Site "Leipzig"]
[Date "2008.02.26"]
[Round "1"]
[White "Friesse, Bernhard"]
[Black "Steiner, Albrecht"]
[Result "1-0"]
[WhiteElo "2037"]
[BlackElo "1623"]
[PlyCount "55"]
[EventDate "2008.02.26"]
[EventType "swiss"]
[EventRounds "9"]
[EventCountry "GER"]
[SourceTitle "CBM 123 Extra"]
[Source "ChessBase"]
[SourceDate "2008.05.06"]
[SourceVersion "1"]
[SourceVersionDate "2008.05.06"]
[SourceQuality "1"]

1. d4 Nf6 2. Nf3 e6 3. e3 b6 4. Bd3 Bb7 5. Nbd2 c5 6. c3 Qc7 7. 0-0 d5 8. Re1 Nbd7 9. Qc2 Rc8 10. Qb1 Bd6 11. h3 h6 12. e4 cxd4 13. Nxd4 dxe4 14. Nxe4 Nxe4 15. Bxe4 Bxe4 16. Qxe4 Nf6 17. Qf3 0-0 18. Bxh6 gxh6 19. Qxf6 Kh7 20. Nb5 Qd7 21. Nxd6 Qxd6 22. Rad1 Qc6 23. Rd4 Rg8 24. Rg4 Rxg4 25. hxg4 Rc7 26. g5 hxg5 27. Re3 g4 28. Re5 1-0

[Event "GER-chT U20"]
[Site "Kelbra"]
[Date "2006.12.30"]
[Round "7.5"]
[White "Steiner, Albrecht"]
[Black "Kolinsky, Karina"]
[Result "0-1"]
[WhiteElo "1680"]
[BlackElo "1446"]
[PlyCount "66"]
[EventDate "2006.12.27"]
[EventType "team-swiss"]
[EventRounds "7"]
[EventCountry "GER"]
[SourceTitle "EXT 2008"]
[Source "ChessBase"]
[SourceDate "2007.11.25"]
[SourceVersion "1"]
[SourceVersionDate "2007.11.25"]
[SourceQuality "1"]
[WhiteTeam "Leipzig Mitte U20"]
[BlackTeam "Bindlach Aktionaer U20"]
[WhiteTeamCountry "GER"]
[BlackTeamCountry "GER"]

1. e4 e5 2. Nf3 Nc6 3. Bc4 Bc5 4. 0-0 Nf6 5. d3 d6 6. h3 Be6 7. Bb3 Qd7 8. Bxe6 fxe6 9. Be3 Bb6 10. c3 0-0 11. Nbd2 Qf7 12. Ng5 Qe8 13. Qb3 d5 14. exd5 exd5 15. Nge4 Rd8 16. Bg5 Na5 17. Nxf6+ gxf6 18. Qd1 fxg5 19. Qg4 h6 20. Rae1 Rf4 21. Qg3 e4 22. Nf3 Qg6 23. Ne5 Qf5 24. d4 c5 25. Ng4 Kg7 26. Ne3 Qf7 27. h4 Qg6 28. Ng4 cxd4 29. Nxh6 Kxh6 30. hxg5+ Qxg5 31. Qh3+ Rh4 32. Qe6+ Qg6 33. Qe7 Qxg2+ 0-1

[Event "Sachsen-ch U18"]
[Site "Sebnitz"]
[Date "2006.04.19"]
[Round "4"]
[White "Steiner, Albrecht"]
[Black "Bruesch, Robert"]
[Result "0-1"]
[WhiteElo "1791"]
[BlackElo "1706"]
[PlyCount "48"]
[EventDate "2006.04.18"]
[EventType "swiss"]
[EventRounds "7"]
[EventCountry "GER"]
[SourceTitle "EXT 2007"]
[Source "ChessBase"]
[SourceDate "2006.11.23"]
[SourceVersion "1"]
[SourceVersionDate "2006.11.23"]
[SourceQuality "1"]

1. e4 c6 2. d4 d5 3. e5 Bf5 4. Bd3 Bxd3 5. Qxd3 e6 6. Nf3 Nd7 7. Be3 Ne7 8. c3 c5 9. dxc5 Nc6 10. Bd4 Bxc5 11. 0-0 Qb6 12. Qd2 0-0 13. Re1 Rac8 14. Na3 Nxd4 15. cxd4 Bb4 16. Qe2 Bxe1 17. Rxe1 a6 18. Rb1 Rc7 19. Qd2 Rfc8 20. Re1 Rc6 21. Nb1 Rc2 22. Qf4 Qxb2 23. Nbd2 Rc1 24. Rxc1 Qxc1+ 0-1

[Event "Leutersdorf Sparkasse op 10th"]
[Site "Leutersdorf"]
[Date "2006.02.19"]
[Round "7"]
[White "Steiner, Albrecht"]
[Black "Sonntag, Hermann"]
[Result "0-1"]
[WhiteElo "1553"]
[BlackElo "1918"]
[PlyCount "60"]
[EventDate "2006.02.17"]
[EventType "swiss"]
[EventRounds "7"]
[EventCountry "GER"]
[SourceTitle "EXT 2007"]
[Source "ChessBase"]
[SourceDate "2006.11.23"]
[SourceVersion "1"]
[SourceVersionDate "2006.11.23"]
[SourceQuality "1"]

1. e4 e5 2. Nf3 f5 3. Nc3 Nc6 4. Bb5 fxe4 5. Nxe4 Nf6 6. d3 d6 7. Bg5 Be7 8. Nxf6+ Bxf6 9. Qd2 Bg4 10. Bxf6 Qxf6 11. Ng5 0-0 12. Ne4 Qg6 13. Bc4+ Kh8 14. f3 Be6 15. Bxe6 Qxe6 16. a3 Nd4 17. Nc3 Rxf3 18. 0-0-0 Rf4 19. Kb1 Raf8 20. Ne4 d5 21. g3 R4f5 22. Nc5 Qc6 23. Qb4 b6 24. Na6 Qxc2+ 25. Ka2 c5 26. Nxc5 bxc5 27. Qb7 Ne2 28. Ka1 Rf2 29. Rhe1 Nd4 30. Ka2 c4 0-1

[Event "Leutersdorf Sparkasse op 10th"]
[Site "Leutersdorf"]
[Date "2006.02.17"]
[Round "1"]
[White "Steiner, Albrecht"]
[Black "Jedynak, Radoslaw"]
[Result "0-1"]
[WhiteElo "1553"]
[BlackElo "2431"]
[PlyCount "82"]
[EventDate "2006.02.17"]
[EventType "swiss"]
[EventRounds "7"]
[EventCountry "GER"]
[SourceTitle "EXT 2007"]
[Source "ChessBase"]
[SourceDate "2006.11.23"]
[SourceVersion "1"]
[SourceVersionDate "2006.11.23"]
[SourceQuality "1"]

1. e4 c5 2. Nf3 e6 3. d4 cxd4 4. Nxd4 Nf6 5. Nc3 d6 6. Be3 a6 7. Be2 b5 8. f3 Be7 9. 0-0 0-0 10. Qe1 Bb7 11. Kh1 Qc7 12. Rc1 Nc6 13. Qg3 Kh8 14. Qh3 b4 15. Nb1 Nxd4 16. Bxd4 e5 17. Be3 d5 18. exd5 Nxd5 19. Bd2 Bc8 20. Qg3 Nf4 21. Bxf4 exf4 22. Qe1 Bc5 23. Bd3 Be3 24. Qxb4 Be6 25. Qe4 g6 26. Rce1 Rfe8 27. Qa4 Red8 28. b3 Rab8 29. Qxa6 Rd5 30. Qa3 Rh5 31. Qb2+ Kg8 32. Qf6 Rb6 33. Qb2 Qd8 34. Rxe3 Qh4 35. h3 fxe3 36. Qc1 Bxh3 37. Qxe3 Bxg2+ 38. Kg1 Qh2+ 39. Kf2 Bxf1+ 40. Kxf1 Qh1+ 41. Qg1 Qxf3+ 0-1